LIBRARY & INFORMATION CENTRE, KCAET, TAVANUR

ONLINE PUBLIC ACCESS CATALOGUE (OPAC)

Training of sanitary engineers / (Record no. 10118)

MARC details
000 -LEADER
fixed length control field 00449cam a2200169ua 4500
003 - CONTROL NUMBER IDENTIFIER
control field OSt
008 - FIXED-LENGTH DATA ELEMENTS--GENERAL INFORMATION
fixed length control field 250823b |||||||| |||| 00| 0 eng d
041 ## - LANGUAGE CODE
Language code of text/sound track or separate title eng
082 ## - DEWEY DECIMAL CLASSIFICATION NUMBER
Classification number 628
Item number PET/JR
100 ## - MAIN ENTRY--AUTHOR NAME
Personal name Petrik, Milivoj.
245 ## - TITLE STATEMENT
Title Training of sanitary engineers /
250 ## - EDITION STATEMENT
Edition statement 1 /
260 ## - PUBLICATION, DISTRIBUTION, ETC. (IMPRINT)
Place of publication Geneva :
Name of publisher World Health Organisation ,
Year of publication 1956.
300 ## - PHYSICAL DESCRIPTION
Number of Pages 151 ; .
490 0# - SERIES STATEMENT
Series statement World Health Organisation monograph series,
942 ## - ADDED ENTRY ELEMENTS (KOHA)
Koha item type Books
Holdings
Withdrawn status Lost status Damaged status Home library Current library Date acquired Full call number Accession Number Koha item type
      KAUAET KAUAET 07/04/2012 628 PET/JR 4625 Books
free website counter